| 000 | 01261nam a2200325 c 4500 | ||
|---|---|---|---|
| 003 | BLK | ||
| 005 | 20250717151846.0 | ||
| 008 | 180407b bul|||||r ||||||| ||bul|| | ||
| 020 | _a3800083803805 | ||
| 020 | _a978-954-625-603-4 | ||
| 040 | _aBLK | ||
| 041 |
_aBUL _cBUL |
||
| 080 |
_aАнглийска литература _b821.111 _x-93-34 _z821.111-93-34 |
||
| 139 | _bП 56 | ||
| 245 | 1 | 0 |
_aПитър Пан : озвучена панорамна приказка _c[по] Джеймс Бари ; [прев., адапт. Екатерина Латева] ; [худож.] Пол Хес |
| 260 |
_bФют _c2010 _aСофия |
||
| 300 |
_a[16] с. : с цв. ил. _c27х31 см |
||
| 380 | _aDX | ||
| 500 | _aКор. опис. Името на прев., адапт. отбелязано в изд. каре Кн. отпеч. на ламиниран картон | ||
| 700 | 1 |
_aБари, Джеймс Матю _936654 |
|
| 700 | 1 |
_aЛатева, Екатерина Иванова _9363572 |
|
| 700 |
_aХес, Пол _eил. _9489640 |
||
| 856 | 4 | _qpdf | |
| 856 | 4 | _qpdf | |
| 942 |
_cKNG _n0 _s1 _012 |
||
| 999 |
_c497607 _d497607 |
||
| 999 | _d28379 | ||
| 999 | _d28379 | ||
| 999 | _d28379 | ||
| 944 |
_a30545 _cНора Радева _k30564 _lАнна Гръцманова |
||